แสดงรายละเอียดบรรณานุกรม
  กลับหน้าหลัก

Brief Record : Get Marc (ISO 2709) : E-mail record : QR code ปิดหน้าต่าง
E-books : เกี่ยวกับ Collections
LEADER 00000nam 2200000uu 4500
001    210917
003     ULIBM
008    020711s2559 th a 000 0 tha d
041    ^atha^beng
060  4 QV21 น927 2559
245    แนวทางปฏิบัติเรื่องเกณฑ์จริยธรรม พ.ศ.2559 ของสมาคมผู้วิจัยและผลิตเภสัชภัณฑ์=^bGuideline for PReMA code of practice 2016 edition : Pharmaceutical research & manufacturers association/^cสมาคมผู้วิจัยและผลิตเภสัชภัณฑ์ (PReMa).
246 00 ^aGuideline for PReMA code of practice 2016
260    กรุงเทพฯ :^bสมาคมผู้วิจัยและผลิตเภสัชภัณฑ์,^c2559
300    35 หน้า ;^c20 ซม.
500    ^aใช้สำหรับช่องทางสถานพยาบาล
650  4 ^aจรรยาบรรณเภสัชกร
650  4 ^aเภสัชกรรม^xเกณฑ์จริยธรรม
650  4 ^aเภสัชกรรม,การบริหาร
650  4 ^aเภสัชกรรม^xกฎหมายและระเบียบข้อบังคับ
710 2  ^aสมาคมผู้วิจัยและผลิตเภสัชภัณฑ์
999    ^aใช้งานได้ทุกระบบ
รายการนี้ยังไม่มีแท็ก
คุณยังไม่ได้ล็อกอิน คุณสามารถมีกิจกรรมร่วมกับเว็บไซต์ได้ แต่ต้องล็อกอินก่อน ::
  ล็อกอิน
ลำดับที่ ประเภท เลขเรียก สถานที่ สถานะ
1. หนังสือทั่วไป
หนังสือทั่วไป
QV21 น927 2559  
  
หนังสือทั่วไป On Shelf
  ขอยืม
2. หนังสือทั่วไป
หนังสือทั่วไป
QV21 น927 2559 ฉ.2 
  
หนังสือทั่วไป On Shelf
  ขอยืม
Note:บริจาค
3. หนังสือทั่วไป
หนังสือทั่วไป
QV21 น927 2559 ฉ.3 
  
หนังสือทั่วไป On Shelf
  ขอยืม
Note:บริจาค
4. หนังสือทั่วไป
หนังสือทั่วไป
QV21 น927 2559 ฉ.4 
  
หนังสือทั่วไป On Shelf
  ขอยืม
Note:บริจาค
5. หนังสือทั่วไป
หนังสือทั่วไป
QV21 น927 2559 ฉ.5 
  
หนังสือทั่วไป On Shelf
  ขอยืม
Note:บริจาค
   [แสดง 5/5 รายการ]

รายการใกล้เคียง
    หัวเรื่อง [จรรยาบรรณเภสัชกร]

BibComment


ยังไม่เคยถูกคอมเมนท์

คอมเมนท์ทรัพยากรรายการนี้
  คอมเมนท์: แนวทางปฏิบัติเรื่..
Bib 210917

 
 
 

 Union Library Management : ULibM
Copyright 2026. All Rights Reserved.
скачать бесплатно без регистрации порно красивый секс HD Sex Hindi sex

xxx gou

xxxx

bfxxx

xxxwww

Секса Видео

xxxx

Секса Видео

detube

geilexxx

C99 Shell

worms shell

blod xxx video
Ebony Coed Rihanna Rimes Takes A Dick In Her Young Twat priyaa indian fuck anal and pusssy hardcore indian women xxx desi hardcore fucking part 1 bengalixxxcouple